| 000 | 01585cam a2200385 i 4500 | ||
|---|---|---|---|
| 001 | 45762 | ||
| 003 | KOSZ 005 | ||
| 005 | 20221202140426.0 | ||
| 008 | 041124s2004 pl a |000 0 pol | ||
| 015 | _aPB 2004/22842 | ||
| 020 | _a8389437333 | ||
| 040 |
_aWA N _cWA N _dKOSZ 005/HR |
||
| 041 | 0 |
_apol _beng |
|
| 046 | _k2004 | ||
| 080 | _a339.138(438)"1989/..." | ||
| 245 | 0 | 0 |
_aKontrowersje wokół marketingu w Polsce - tożsamość, etyka, przyszłość / _cred. nauk. Lechosław Garbarski ; [red. Marcin Awdziej et al.] ; Katedra Marketingu Wyższej Szkoły Przedsiębiorczości i Zarządzania im. Leona Koźmińskiego. |
| 260 |
_aWarszawa : _bWSPiZ, _c2004. |
||
| 300 |
_a613 s. : _brys., tab., wykr. ; _c24 cm. |
||
| 336 |
_2rdacontent _aTekst _btxt |
||
| 337 |
_2rdamedia _aBez urządzenia pośredniczącego _bn |
||
| 338 |
_2rdacarrier _aWolumin _bnc |
||
| 380 | _aKsiążki | ||
| 388 | _a2001- | ||
| 546 | _aStreszcz. ang. przy rozdz. | ||
| 648 | 7 | _a2001- | |
| 650 | 7 | _aMarketing | |
| 651 | 7 | _aPolska | |
| 658 | _aZarządzanie i marketing | ||
| 700 | 1 |
_aGarbarski, Lechosław _eRedakcja |
|
| 700 | 1 |
_aAwdziej, Marcin _eRedakcja |
|
| 710 | 2 | _aKatedra Marketingu (Wyższa Szkoła Przedsiębiorczości i Zarządzania im. Leona Koźmińskiego) | |
| 710 | 2 |
_aWydawnictwo Wyższej Szkoły Przedsiębiorczości i Zarządzania im. Leona Koźmińskiego _4pbl |
|
| 856 |
_uhttp://koha.tu.koszalin.pl/cgi-bin/koha/opac-detail.pl?biblionumber=45762 _yKatalog online BPK |
||
| 942 |
_2UKD _cKS |
||
| 999 |
_c45762 _d45762 |
||